00603nam a2200205 i 450000100060000000300080000600500170001400800410003102000150007203500190008704000320010604100080013808200250014610000280017124500550019926000290025430000500028350400280033365000360036134184BD-RjUL20211209052123.0140514s1978 fr af b i000 0 eng d a9231016016 a(BD-RjUL)34278 aDLCcDLCdDLCdBD-RjULbeng aeng00a306.029664bABC 19781 aAbraham, Arthur,d1945-10aCultural policy in Sierra Leone /cArthur Abraham. aParis :bUnesco,cc1978. a75 p., [2] leaves of plates :bill. ;c24 cm. aBibliography: p. 65-66. 0aArtszSierra LeonexManagement.